000 00930nam a2200241Ia 4500
003 IN-BaIIA
008 211028s9999 xx 000 0 eng d
020 _a90-277-1159-3
040 _cIIA Library
080 _a063:52
_bIAU-T17B
111 _aInternational Astronomical Union General Assembly
_n17th
_cCanada
_d1979 Aug. 14 - 23
_912743
245 0 _aHighlights of astronomy
_bproceedings of the 17th General Assembly Montreal, Canada, August 14 - 23, 1979
_cedited by Patrick A. Wayman
260 _aDordrecht
_bD. Reidel Publishing
_c1980
300 _ax, 527p.
490 _aTransactions of the International Astronomical Union; v. X
500 _aDonated by Mrs. Bappu
650 _aAstronomy
_980
650 _aAstronomy and Astrophysics Thesaurus
650 _aIAU General Assembly
650 _aIAU Transactions
_95483
700 _aWayman, Patrick A., ed.
_911717
942 _cBK
999 _c7477
_d7477